| 000 | 00000nam##2200000za#4500 |
| 001 | 9.604815 |
| 003 | CaOODSP |
| 005 | 20210624211810 |
| 007 | cr ||||||||||| |
| 008 | 150406|1998||||xxc|||||o f|0| 0 fre|d |
| 040 | |aCaOODSP|bfre |
| 043 | |an-cn--- |
| 086 | 1 |aFo29-47/7-1998F-PDF |
| 110 | 1 |aCanada.|bRessources naturelles Canada. |bService canadien des forêts. |
| 245 | 10|aCarie associée aux blessures d'exploitation chez le mélèze de l'Ouest (Larix occidentalis) et le pin tordu latifolié (Pinus contorta)|h[ressource électronique]|c[Par] E. Allen et T. White. |
| 260 | |aVictoria - Colombie Britannique : |bRessources naturelles Canada. |c1998. |
| 300 | |a4p.|bfigures en couleur, références |
| 490 | 1 |aNotes de transfert technologique|vN° 7, juin 1998 |
| 500 | |aLe n° de catalogue et l'ISSN de l'édition imprimée apparaissent dans cette version électronique. |
| 590 | |a12-40-Supp|b2012-10-23 |
| 720 | 1 |aAllen, E. |
| 720 | 1 |aWhite, T. |
| 775 | 08|tDecay associated with logging injuries in western larch, Larix occidentalis, and in lodgepole pine, Pinus contorta|w(CaOODSP)9.572361 |
| 830 | #0|aNotes de transfert technologique ;|vN° 7, juin 1998|w(CaOODSP)9.501177 |
| 856 | 40|ahttp://publications.gc.ca|qPDF|s323 Ko|uhttps://publications.gc.ca/collections/collection_2012/rncan-nrcan/Fo29-47-7-1998-fra.pdf|yN° 7, juin 1998 |